| 000 | 00512cam a2200205ua 4500 | ||
|---|---|---|---|
| 001 | 3081 | ||
| 005 | 20260515113629.0 | ||
| 008 | 110928n ii |||gr||||Z||||||asm | ||
| 020 | _a978-81-7339-403-4 | ||
| 040 | _cMAIN | ||
| 082 | _a891.4513 | ||
| 100 | 1 |
_aBhattacharjya, Birendra Kumar, _eAuthor. |
|
| 245 | 1 | 1 |
_aPratipad _cby Birendra Kumar Bhattacharjya |
| 250 | _a3rd. | ||
| 260 |
_aGuahati: _bBanalata, _c2007. |
||
| 300 |
_a220p: _c23cm. |
||
| 653 | _aAssamese novel | ||
| 653 | _aPratipad | ||
| 942 | _cBK | ||
| 999 |
_c2925 _d2925 |
||